| 000 | 00356nam a2200145 a 4500 | ||
|---|---|---|---|
| 001 | 474 | ||
| 003 | CDMR | ||
| 005 | 20130116135155.0 | ||
| 008 | 130130s1965||||||||||||||||||||||||||||d | ||
| 040 |
_aCDMR _bcat _cCPC GIRONA |
||
| 100 | 1 |
_aGaitán, Efraín _9333 |
|
| 245 | 1 | 0 |
_aClave del éxito periodístico _cGaitán, Efraín |
| 260 |
_c1965 _bHerder |
||
| 942 | _cMON | ||
| 999 |
_c474 _d474 |
||